=LDR 00000nam 2200000 4500 =001 000169 =020 $9786025790676 =082 $613.200 =100 $$a Nurul Imani =245 $$a Stunting pada anak: kenali dan cegah sejak dini /$c Nurul Imani =250 $Cetakan I =264 $Yogyakarta: Hijaz Pustaka Mandiri 2024 =300 $120 halaman; 20 cm. =650 $Kesehatan =905 $613.2 NUR s =336 $$a =337 $$a =338 $$a =005 20260702151432.0 =008 260702s2026\\\\\\\\\\\\\\\\\\\\\\\\\\\\\\\\\\\\\\\\\